000 00836nam a22002537a 4500
999 _c15167
_d15167
003 AR-CdUCM
008 190426b ||||| |||| 00| 0 spa d
020 _a978-958-30-5080-0
040 _aMUNICIPALIDAD PROVINCIAL DEL CUSCO
_cBIBLIOTECA MUNICIPAL DEL CUSCO
041 _hfre
082 _aPI / 800 /
_bB36
100 _aBeigel, Christine
_933799
245 _aEl pinguino que sentía frío /
260 _aBogotá :
_bPanamericana,
_c2016.
300 _a22 páginas ;
_bilustraciones,
_c23 cm.
440 _aMamá Gallina te cuenta.
_934193
650 _aLiteratura infantil
_9588
650 _aCuentos infantiles franceses
_927650
650 _aSiglo XXI
_92856
700 _aSalgar, Jorge Eduardo (traducción)
_933801
700 _aLe Goff, Hervé (ilustración)
_934194
942 _2ddc
_cLIBROS
945 _aachl
_d2019-04-26